000 00768nam a2200217Ii 4500
003 JO-AjNU
008 230605s9999||||xx |||||||||||||| ||und||
017 _a2003/8/1669
040 _aJO-AjNU
_bara
_erda
_cJO-AjNU
041 _aara
050 1 4 _aPJ6106.M3724 2003
100 3 _aتاليف أبو نصير، بشار محمد,
_eauthor
_923985
245 0 0 _aالجامع لصفوة القواعد النحوية والصرفية والبلاغية والإملائية والمعجمية
250 _aط1
264 3 1 _aعمان: د.ن،2003
300 _a356ص
336 _atext
_btxt
_2rdacontent
337 _aunmediated
_bn
_2rdamedia
338 _avolume
_bnc
_2rdacarrier
650 4 _aاللغة العربية-النحو-الصرف-البلاغة
_923986
999 _aA8762
_c12330
_d12330